00817nam a2200241 a 450000500170000000800410001702000180005804000230007604100080009904400070010708200170011410000400013124500680017126000630023930000430030249000330034550400410037865000280041965000270044765000320047465100340050670000350054020170304114655.0170403b2011 ck ||||| |||| 00| 0 spa d a9789586709545 cCO.BoIHaCO-BoIAVH aspa ack a577.74bC22c1 aCantera Kintz, Jaime Ricardoeautor10aColombia pacífico, una visión sobre su biodiversidad marina aSantiago de Cali:bEditorial Universidad del Valle; c2011 a380 páginas, bfotografías a color aCiencias naturales y exactas aIncluye referencias bibliográficas 0aBiodiversidadzColombia 0aFauna marinazColombia 0aEcología marinazColombia aColombiazRegión Pacífica1 aLondoño Cruz, Edgardoeautor